000 00527nam a2200217Ia 4500
003 OSt
005 20221005121456.0
006 a|||||r|||| 00| 0
007 ta
008 221004b |||||||| |||| 00| 0 eng d
024 _a116160
037 _cTextual
040 _aCRL
_cCRL
_beng
041 _2eng
_aeng
100 _aGhautam Premprakash
_9630666
245 0 _aHindi Gadh ka vikas
260 _c1966
650 _aHINDI LITERATURE
_923866
942 _cTEXL
_2cc
999 _c1041263
_d1041263